Ekologické aspekty manažmentu kvality diplomová práca

Guardado en:
Detalles Bibliográficos
Autor principal: Fürsterová, Daniela
Autor Corporativo: Fakulta podnikového manažmentu EU. Katedra manažmentu výroby a logistiky - zrušená
Otros Autores: Gubová, Klaudia, 1986-
Formato: Libro
Lenguaje:eslovaco
Publicado: Bratislava 2016
Etiquetas: Agregar Etiqueta
Sin Etiquetas, Sea el primero en etiquetar este registro!

MARC

LEADER 00000nbm a2200000 4500
001 0218487
005 20170315090450.1
041 0 |a slo 
044 |a SK 
245 1 0 |a Ekologické aspekty manažmentu kvality  |b diplomová práca  |c Daniela Fürsterová ; školiteľ: Klaudia Gubová 
264 1 |a Bratislava  |c 2016 
300 |a 68 s. 
100 1 |a Fürsterová, Daniela 
700 1 |a Gubová, Klaudia, 1986- 
710 2 |a Fakulta podnikového manažmentu EU. Katedra manažmentu výroby a logistiky - zrušená